Tallest Buildings in the World - Statistics

General Stats
  • This quiz has been taken 36 times
  • The average score is 6 of 79
Answer Stats
Country Building City % Correct
United Arab Emirates Burj Khalifa Dubai
97%
United States One World Trade Center New York City
76%
China Shanghai Tower Shanghai
58%
Taiwan Taipei 101 Taipei
55%
United States Empire State Building New York City
45%
Malaysia Petronas Towers Kuala Lumpur
45%
United States Sears Tower Chicago
36%
Malaysia Merdeka 118 Kuala Lumpur
30%
United States Central Park Tower New York City
21%
South Korea Lotte World Tower Seoul
18%
United States 432 Park Avenue New York City
9%
Russia Lakhta Center Saint Petersburg
9%
United States One Vanderbilt New York City
9%
United States 111 West 57th Street New York City
6%
United States 30 Hudson Yards New York City
6%
United States Bank of America Tower New York City
6%
United States St. Regis Chicago Chicago
6%
United States Trump International Hotel and Tower Chicago
6%
Saudi Arabia Abraj Al Bait Clock Towers Mecca
3%
China Guangzhou International Finance Center Guangzhou
3%
Vietnam Landmark 81 Ho Chi Minh City
3%
United Arab Emirates Princess Tower Dubai
3%
China Wuhan Center Wuhan
3%
United Arab Emirates 23 Mariana Dubai
0%
United Arab Emirates Address Boulevard Dubai
0%
Kuwait Al Hamra Tower Kuwait City
0%
United Arab Emirates Almas Tower Dubai
0%
Indonesia Autograph Tower Jakarta
0%
China Bank of China Tower Hong Kong
0%
United Arab Emirates Burj Mohammed bin Rashid Abu Dhabi
0%
China Central Plaza Hong Kong
0%
China Changsha IFS Tower T1 Changsha
0%
China China Merchants Bank Global Headquarters Main Tower Shenzhen
0%
China China Resources Tower Shenzhen
0%
China China Zun Beijing
0%
China Chongqing International Land-Sea Center Chongqing
0%
United Arab Emirates Ciel Tower Dubai
0%
China CITIC Plaza Guangzhou
0%
China Citymark Center Shenzhen
0%
China Dabaihui Plaza Shenzhen
0%
China Dalian International Trade Center Dalian
0%
United Arab Emirates Elite Residence Dubai
0%
China Elton Place Dalian Tower 1 Dalian
0%
Russia Federation Tower Moscow
0%
Saudi Arabia Fund Investment Fund Tower Riyadh
0%
China Golden Eagle Tiandi Tower A Nanjing
0%
China Guangdong Business Center Guangzhou
0%
China Guangxi China Resources Tower Nanning
0%
China Guangzhou CTF Finance Center Guangzhou
0%
China Guiyang International Financial Center T1 Guiyang
0%
South Korea Haeundae LCT The Sharp Landmark Tower Busan
0%
China Haitian Center Tower 2 Qingdao
0%
China Hanking Center Suzhou
0%
China Hengfeng Guiyang Center Tower 1 Guiyang
0%
China Huiyun Center Shenzhen
0%
Egypt Iconic Tower New Administrative Capital
0%
China International Commerce Center Hong Kong
0%
China Jin Mao Tower Shanghai
0%
United States JPMorgan Chase World Headquarters New York City
0%
China KK100 Shenzhen
0%
China Logan Century Center 1 Nanning
0%
United Arab Emirates Mariana 101 Dubai
0%
China Minyang International Trade Center 1 Dongguan
0%
China Nanjing Financial City Phase II Plot C Tower 1 Nanjing
0%
China Ningbo Central Plaza Ningbo
0%
China Ping An Finance Center Tower 1 Jinan
0%
China Ping An International Finance Center Shenzhen
0%
China Riverview Plaza Wuhan
0%
China Shandong International Financial Center Jinan
0%
China Shanghai International Trade Center 1 Shanghai
0%
China Shanghai World Financial Center Shanghai
0%
China Shum Yip Upperhills Tower 1 Shenzhen
0%
China Shun Hing Square Shenzhen
0%
China Suzhou IFS Suzhou
0%
Malaysia The Exchange 106 Kuala Lumpur
0%
China Tianjin CTF Finance Center Tianjin
0%
China Two International Finance Center Hong Kong
0%
China Wuhan Greenland Center Wuhan
0%
Chyna Zifeng Tower Nanjing
0%
No matching quizzes found
Score Distribution
Percent of People with Each Score
Percentile by Number Answered
Your Score History
You have not taken this quiz